000 01100nam a2200301 a 4500
001 1211847
003 ARRUPE
005 20160916083244.0
008 981107s1998 rh a b 000 0 eng
010 _a 98982455
020 _a0797418350
040 _aDLC
_cDLC
042 _alcode
043 _af-rh---
050 0 0 _aHV6626.23.Z55
_bA75 1998
100 1 _aArmstrong, Alice.
_925886
245 1 0 _aCulture and choice :
_blessons from survivors of gender violence in Zimbabwe /
_cAlice K. Armstrong.
246 1 7 _aCulture & choice
260 _a[Harare :
_bViolence against Women in Zimbabwe Research Project ;
_aChapel Hill, U.S.A. :
_bAKA, distributor,
_cc1998]
300 _aii, 149 p. :
_bill. ;
_c23 cm.
504 _aIncludes bibliographical references.
650 0 _aAbused women
_zZimbabwe.
_925887
650 0 _aFamily violence
_zZimbabwe.
_925888
650 0 _aSexual harassment of women
_zZimbabwe.
_925889
906 _a7
_bcbc
_corigode
_d3
_encip
_f19
_gy-gencatlg
942 _2lcc
_cMONOGRAPH
999 _c125263
_d125263